Statistics for Every Penny in American Coinage History

Click here to take the quiz!

General Stats

  • This quiz has been taken 44 times
    (34 since last reset)
  • The average score is 8 of 10

Answer Stats

Years of Mintage Answer % Correct
2009Lincoln Commemoratives
93%
1909-1958Wheat Penny
89%
1856-1858Flying Eagle Cent
86%
1859-1909Indian Head
86%
1943Steel Cent
86%
2010-2019Shield Cent
82%
1958-2008Memorial Cent
79%
1816-1857Coronet Head
71%
1796-1807Draped Bust
43%
1808-1814Classic Head
39%

Score Distribution

Percentile by Number Answered

Percent of People with Each Score

Your Score History

You have not taken this quiz since the last reset